000 00886nam a2200205 a 4500
001 000035134
005 20200930074127.0
008 111025s1917 sp 000 0 spa d
040 _aDO-SdBNP
_bspa
_cBNPHU
100 1 _aJover, Gonzalo
_960834
240 1 0 _aJudith, la viuda hebrea.
_kLibreto
245 1 0 _aJudith, la viuda hebrea :
_bopereta bufo-trágica en un acto y cinco cuadros /
_c/ coriginal de Gonzalo Jover y Juan Eugenio Morant ; música del maestro José Padilla.
260 _aMadrid :
_bSociedad de Autores Españoles,
_c1917.
300 _a40 p. ;
_c21 cm.
500 _aaIncluye relación de obras de los libretistas
500 _aEstrenada con gran éxito en el Teatro Victoria de Barcelona, la noche del 21 de Septiembre de 1917
700 1 _aMorant, Juan Eugenio
_960835
700 1 _aPadilla, José
_emús.
_960836
710 2 _aSociedad de Autores Españoles
_960837
999 _c34625
_d34625